<?xml version="1.0" encoding="UTF-8"?><?xml-stylesheet type="text/xsl" href="static/style.xsl"?><OAI-PMH xmlns="http://www.openarchives.org/OAI/2.0/" xmlns:xsi="http://www.w3.org/2001/XMLSchema-instance" xsi:schemaLocation="http://www.openarchives.org/OAI/2.0/ http://www.openarchives.org/OAI/2.0/OAI-PMH.xsd"><responseDate>2026-06-06T01:43:49Z</responseDate><request verb="GetRecord" identifier="oai:riuma.uma.es:10630/12485" metadataPrefix="marc">https://riuma.uma.es/rest/oai/request</request><GetRecord><record><header><identifier>oai:riuma.uma.es:10630/12485</identifier><datestamp>2026-02-03T12:38:29Z</datestamp><setSpec>com_10630_2254</setSpec><setSpec>col_10630_37957</setSpec></header><metadata><record xmlns="http://www.loc.gov/MARC21/slim" xmlns:dcterms="http://purl.org/dc/terms/" xmlns:doc="http://www.lyncode.com/xoai" xmlns:xsi="http://www.w3.org/2001/XMLSchema-instance" xsi:schemaLocation="http://www.loc.gov/MARC21/slim http://www.loc.gov/standards/marcxml/schema/MARC21slim.xsd">
   <leader>00925njm 22002777a 4500</leader>
   <datafield ind2=" " ind1=" " tag="042">
      <subfield code="a">dc</subfield>
   </datafield>
   <datafield ind2=" " ind1=" " tag="720">
      <subfield code="a">Canca Sánchez, Miguel Ángel</subfield>
      <subfield code="e">author</subfield>
   </datafield>
   <datafield ind2=" " ind1=" " tag="260">
      <subfield code="c">2015</subfield>
   </datafield>
   <datafield ind2=" " ind1=" " tag="520">
      <subfield code="a">Objetivo: Caracterizar la población que acude a Urgencias con sospecha de ictus y la adecuación de la activación del código ictus, así como su impacto en la estancia, mortalidad y reingreso y tiempo de TAC. Métodos: Se llevó un estudio observacional retrospectivo de seguimiento de una cohorte de casos incidentes de pacientes con ictus en el Hospital Costa del Sol durante 2014. Resultados: Se incluyeron 500 sujetos, de los cuales 256 (51,2%) eran hombres y 244 (48,8%) mujeres, con una edad media de 73,12 (DE: 13,11) años, con un 54,8% de ictus isquémicos, un 33,2%AIT y un 12% de tipo hemorrágico. Se activó el código ictus en 33 sujetos (6.6% del total) y se identificaron como adecuadas 492 valoraciones (98,4%). La sensibilidad de la activación por la enfermera fue del 85.7% (IC95%: 69,74% a 95,19%) y la especificidad del 99,3% (IC95%: 98,13% a 99,87). El tiempo de realización del TAC desde la hora de triage era significativamente menor en los pacientes con CI activado: 2.09 (DE: 1.49) versus 3.54 (DE: 2.12) (p&lt;0.0001). Conclusiones: La activación del código ictus en triage por enfermeras de Urgencias se lleva a cabo con una gran adecuación y tiene importantes efectos en los tiempos de la atención al ictus.</subfield>
   </datafield>
   <datafield ind1="8" ind2=" " tag="024">
      <subfield code="a">http://hdl.handle.net/10630/12485</subfield>
   </datafield>
   <datafield tag="653" ind2=" " ind1=" ">
      <subfield code="a">Ictus - Tesis doctorales</subfield>
   </datafield>
   <datafield ind2="0" ind1="0" tag="245">
      <subfield code="a">Valor predictivo de la activación de código ictus mediante triage enfermero en servicios de urgencias</subfield>
   </datafield>
</record>
</metadata></record></GetRecord></OAI-PMH>